| 000 | 00887nam a22002537a 4500 | ||
|---|---|---|---|
| 003 | dpl | ||
| 005 | 20180529142909.0 | ||
| 008 | 180529b xxu||||| |||| 00| 0 eng d | ||
| 010 | _aA-899319 | ||
| 020 |
_c00.00 _a8125010785 |
||
| 035 | _aA-899319, A-899321 | ||
| 037 | _bCen Lib/Ret | ||
| 040 |
_aDPL _bEN _c0 |
||
| 082 |
_a880 _bFOK |
||
| 100 |
_aFokkema, Douwe _923109 |
||
| 245 |
_aTheories of literature in the twentieth century : _cby Douwe Fokkema [and] Elrud Ibsch _bstructuralism marxism aesthetics of reception semiotics / |
||
| 260 |
_aHyderabad _bOrient Longman Limited _c1995 |
||
| 270 |
_a3-6-272, Himayatnagar _bHyderabad _e500 029 |
||
| 300 |
_axix,219p. _c20cm(Hb) |
||
| 500 | _aIncludes bibliographical references and index | ||
| 650 |
_aLiterature in twentieth century _923110 |
||
| 700 |
_aIbsch, Elrud _923111 |
||
| 942 |
_2ddc _cEN _h880 _mFOK |
||
| 999 |
_c128343 _d128343 |
||